| 000 | 01089nam a22002297a 4500 | ||
|---|---|---|---|
| 999 |
_c3290 _d3290 |
||
| 003 | AR-CdUCM | ||
| 008 | 190306b ||||| |||| 00| 0 spa d | ||
| 040 |
_aMUNICIPALIDAD PROVINCIAL DEL CUSCO _cBIBLIOTECA MUNICIPAL DEL CUSCO |
||
| 082 |
_a347.51 / _bL55 |
||
| 110 |
_aAsesores Financieros S.A. _910949 |
||
| 245 |
_aLey general de sociedades : _by Reglamento del Registro Mercantil concordancias - jurisprudenica / |
||
| 260 |
_aLima : _bAsesores Financieros, _bStudium, _c1988. |
||
| 300 |
_a211 páginas ; _c23 cm. |
||
| 500 | _aTítulo de la cubierta: Ley general de sociedades y reglamento del registro mercantil : concordancias - jurisprudencia. | ||
| 505 | _aContenido: Texto único concordado de la ley General de Sociedades -- Sociedades Mercantiles -- De la Administración -- De las relaciones con los terceros -- De los efectos del aporte -- Del directorio ... | ||
| 650 |
_aSociedades comerciales _98648 |
||
| 650 |
_aDerecho comercial _95195 |
||
| 650 |
_aLegislación, Perú _94735 |
||
| 710 |
_aAsesores Financieros S.A. _910949 |
||
| 942 |
_2ddc _cLIBROS |
||
| 945 | _aachl | ||